000 00376nam a2200157Ia 4500
003 OSt
005 20240329100438.0
008 170524s9999 xx 000 0 und d
020 _a978-8170128687
040 _ciimtu meerut
100 _aDR AVTAR SINGH
100 _c2005
245 0 _aLAW OF SALES OF GOODS AND HIRE PURCHASE
260 _aEASTERN BOOK CO
942 _2ddc
_c02
999 _c2186
_d2186